Liar's poker

Saved in:
Bibliographic Details
Main Author: Lewis, Michael
Format: Book
Language:English
Published: London HODDER 2006
Subjects:
Tags: Add Tag
No Tags, Be the first to tag this record!

MARC

LEADER 00000nam a2200000 4500
001 0142017
005 20240312115813.0
020 |a 978-0-340-83996-6 
041 0 |a eng 
044 |a GB 
245 1 0 |a Liar's poker  |c Michael Lewis 
264 1 |a London  |b HODDER  |c 2006 
300 |a 298 s. 
610 2 0 |a burzovníctvo 
610 2 0 |a burzy 
610 2 0 |a obchody burzové 
610 2 0 |a makléri 
610 2 0 |a podvody 
610 2 0 |a Wall Street 
100 1 |a Lewis, Michael